[Event "18th Charleroi Open-A 2019"]
[Site "Charleroi"]
[Date "2019.07.27"]
[Round "1.1"]
[White "Ghyselen, Wouter"]
[Black "Gurevich, Mikhail"]
[Result "1-0"]
[WhiteElo "2078"]
[BlackElo "2587"]
[Annotator "TA"]
[PlyCount "71"]
[EventDate "2019.07.22"]
[EventType "swiss"]
[EventCountry "BEL"]
[SourceTitle "playchess.com"]
[Source "ChessBase"]
[SourceQuality "1"]

{[%evp 9,71,36,45,18,22,0,0,0,0,0,0,0,0,-68,-62,-81,-46,-42,-41,-45,0,0,0,-67,-61,-214,-188,-222,-225,-222,186,178,182,182,224,222,212,61,57,0,139,122,226,223,329,339,404,272,397,399,547,526,540,543,1081,1057,1163,1162,1157,1147,1089,1094,29991,1863]} 1. e4 g6 2. d4 Bg7 3. Nf3 d6 4. Bc4 Nf6 5. Qe2 O-O 6. Bb3 {B06: Modern Defence} (6. O-O Bg4 7. h3 Bxf3 8. Qxf3 Nc6 9. c3 e5 10. Be3 exd4 11. cxd4 Nd7 12. Rd1 Nb6 13. Bb3 Na5 14. Nc3 Nxb3 15. axb3 c6 16. d5 {½-½ (41) Vachier Lagrave,M (2779)-Nakamura,H (2777) Saint Louis 2018}) 6... Bg4 7. Nbd2 Nc6 8. c3 {The position is equal.} e5 9. d5 Ne7 10. h3 Bd7 11. g4 (11. O-O $11) 11... c6 $36 {[%mdl 2048] Black has some pressure.} 12. c4 cxd5 $146 ({Predecessor:} 12... Qa5 13. Kf1 Rac8 {1-0 (62) Moncelli,G-Agnelli,F Rome 1980}) 13. cxd5 Rc8 14. Nc4 Ne8 15. Bd2 Kh8 16. Qe3 (16. Rg1 $11) 16... f5 17. gxf5 $2 (17. Qxa7 $15 Ra8 18. Qxb7) 17... gxf5 $19 18. Qxa7 fxe4 19. Ba5 Ra8 $4 {[%mdl 8192]} (19... Nc7 $19 {avoids the disaster.} 20. Nxd6 exf3 21. Nxc8 Bxc8) 20. Bxd8 $18 Rxa7 21. Nfxe5 $1 dxe5 22. Bxe7 Rf3 {[#] ...Rxb3! is the strong threat.} 23. O-O-O $2 (23. Nd2 $18) 23... b5 $14 24. Nd2 ({White should try} 24. Ne3 $14) 24... Rc7+ (24... Bh6 $11 25. Bc2 Rc7) 25. Kb1 $16 {Threatens to win with d6.} Rxf2 {[#]} (25... Rd3 $16 {keeps fighting.}) 26. d6 $1 $18 {[%cal Rd6c7]} Rc8 (26... Ra7 $142) 27. Nxe4 Rf4 28. Rhe1 Nf6 (28... h6 $142 29. h4 Kh7) 29. Ng5 Bf5+ 30. Ka1 h6 31. Ne6 Rf2 32. Nxg7 Kxg7 33. Rg1+ Bg6 34. d7 Nxd7 35. Rxd7 {Hoping for Bh4+.} Rg2 36. Bc5+ {Accuracy: White = 52%, Black = 40%.} (36. Bh4+ $142 Kf8 37. Rf1+ Bf7 38. Rdxf7+ Kg8 39. Rc7+ {[%mdl 64] Discovered Attack} Kh8 40. Bf6+ {[%mdl 64] Double Attack} Rg7 41. Rxc8+ Kh7 42. Bc2+ e4 43. Bxe4+ Rg6 44. Rh8#) 1-0

[Event "18th Charleroi Open-A 2019"]
[Site "Charleroi"]
[Date "2019.07.27"]
[Round "1.2"]
[White "Miezis, Normunds"]
[Black "Van Uytven, Eric"]
[Result "1-0"]
[WhiteElo "2495"]
[BlackElo "2071"]
[Annotator "TA"]
[PlyCount "51"]
[EventDate "2019.07.22"]
[EventType "swiss"]
[EventCountry "BEL"]
[SourceTitle "playchess.com"]
[Source "ChessBase"]
[SourceQuality "1"]

{[%evp 23,51,41,40,26,95,89,114,120,104,92,77,87,120,125,112,112,129,101,97,116,414,421,593,579,1071,1055,1049,1027,29998,29999]} 1. e4 c5 2. Nf3 d6 3. d4 cxd4 4. Nxd4 Nf6 5. Nc3 a6 6. Be3 e5 7. Nb3 Be7 8. f3 O-O 9. Qd2 Be6 10. O-O-O a5 11. a4 Na6 ({Predecessor:} 11... Nc6 12. g4 {1-0 (34) Hu,Y (2053)-Hu,Y (1932) Qinhuangdao 2017}) 12. g4 Nb4 13. Kb1 $146 {B90: Sicilian Najdorf: Unusual White 6th moves, 6 Be3 Ng4 and 6 Be3 e5} (13. g5 Nh5 14. Bb5 Rc8 15. Kb1 f5 16. gxf6 Nxf6 17. Rhg1 d5 18. Bh6 Rf7 19. Qg5 Ng4 20. Qh5 Nxh6 21. Qxh6 {1-0 (41) Yu,Y (2759)-Gao,R (2561) Tianjin 2018}) 13... d5 (13... Qc7 $11) 14. g5 $16 Nxe4 15. fxe4 {[%cal Rc3d5] White is better.} d4 16. Nxd4 exd4 17. Bxd4 Bg4 {[#]} 18. Be2 $1 $36 {[%cal Re2g4][%mdl 2048] White is on the roll.} Bxg5 {[#]} 19. Qe1 $1 Bxe2 20. Qxe2 {Hoping for Bxg7!} Qe7 21. Rhg1 {aiming for Qh5.} Ra6 $2 {[%mdl 8192]} (21... f6 $16) 22. Qb5 $18 {Black must now prevent Bc5.} Bh6 (22... h6 {was worth a try.} 23. Bc5 Qe8 24. Bxf8 (24. Qxb7 Qc8 $16) 24... Qxf8 25. Qxb7 Ra8) 23. Bc5 {[%mdl 64] Skewer} Qc7 24. Bxf8 Kxf8 25. Rd7 Qxh2 26. Qc5+ {Accuracy: White = 100%, Black = 25%.} 1-0

[Event "18th Charleroi Open-A 2019"]
[Site "Charleroi"]
[Date "2019.07.27"]
[Round "1.3"]
[White "Hafner, Christian"]
[Black "Mirzoev, Azer"]
[Result "0-1"]
[WhiteElo "2071"]
[BlackElo "2474"]
[Annotator "ChessBase"]
[PlyCount "99"]
[EventDate "2019.07.22"]
[EventType "swiss"]
[EventCountry "BEL"]
[SourceTitle "playchess.com"]
[Source "ChessBase"]
[SourceQuality "1"]
[TimeControl "40/5400+30:1800+30"]

1. c4 {[%emt 0:00:00]} Nf6 {[%emt 0:00:00]} 2. g3 {[%emt 0:00:00]} g6 {[%emt 0:00:00]} 3. Bg2 {[%emt 0:00:00]} Bg7 {[%emt 0:00:00]} 4. Nc3 {[%emt 0:00:00]} O-O {[%emt 0:00:00]} 5. e4 {[%emt 0:00:12]} d6 {[%emt 0:00:00]} 6. Nge2 {[%emt 0:00:13]} c5 {[%emt 0:00:07]} 7. O-O {[%emt 0:00:19]} Nc6 {[%emt 0:00:04]} 8. d3 {[%emt 0:00:12]} Rb8 {[%emt 0:09:42]} 9. Rb1 {[%emt 0:03:10]} a6 {[%emt 0:00:19]} 10. a3 {[%emt 0:02:52]} Bg4 {[%emt 0:14:41]} 11. Qc2 {[%emt 0:03:49]} b5 {[%emt 0:06:14]} 12. cxb5 {[%emt 0:00:47]} Nd4 {[%emt 0:01:10]} 13. Nxd4 {[%emt 0:02:41]} cxd4 {[%emt 0:00:03]} 14. Ne2 {[%emt 0:19:02]} Rc8 {[%emt 0:04:10]} 15. Qd1 {[%emt 0:01:29]} axb5 {[%emt 0:09:55]} 16. h3 {[%emt 0:02:24]} Bxe2 {[%emt 0:00:09]} 17. Qxe2 {[%emt 0:00:08]} Nd7 {[%emt 0:06:23]} 18. Bd2 {[%emt 0:07:50]} Qb6 {[%emt 0:09:12]} 19. Rfc1 {[%emt 0:03:18]} Qa6 {[%emt 0:00:11]} 20. Rxc8 {[%emt 0:03:42]} Rxc8 {[%emt 0:00:09]} 21. Qd1 {[%emt 0:11:02]} Nc5 {[%emt 0:17:24]} 22. Bb4 {[%emt 0:00:39]} Bh6 {[%emt 0:00:57]} 23. b3 {[%emt 0:03:12]} e5 {[%emt 0:01:21]} 24. Kh2 {[%emt 0:02:58]} Qb6 {[%emt 0:03:49]} 25. a4 {[%emt 0:11:48]} Na6 {[%emt 0:00:56]} 26. Bd2 {[%emt 0:04:12]} Bxd2 {[%emt 0:04:09]} 27. axb5 {[%emt 0:00:07]} Qxb5 {[%emt 0:00:54]} 28. Qxd2 {[%emt 0:00:11]} Nb4 {[%emt 0:01:29]} 29. Rb2 {[%emt 0:02:32]} Qc5 {[%emt 0:01:19]} 30. Bf1 {[%emt 0:02:46]} Qc3 {[%emt 0:00:42]} 31. Kg2 {[%emt 0:01:09]} Ra8 {[%emt 0:01:42]} 32. Be2 {[%emt 0:00:49]} Kg7 {[%emt 0:01:24]} 33. f4 {[%emt 0:00:14]} Ra3 {[%emt 0:01:25]} 34. Kf2 {[%emt 0:00:45]} Qxd2 {[%emt 0:01:16]} 35. Rxd2 {[%emt 0:00:12]} Rxb3 {[%emt 0:00:02]} 36. Kf3 {[%emt 0:00:52]} f5 {[%emt 0:02:27]} 37. g4 {[%emt 0:01:53]} Kf6 {[%emt 0:00:34]} 38. exf5 {[%emt 0:05:38]} gxf5 {[%emt 0:00:08]} 39. fxe5+ {[%emt 0:01:52]} dxe5 {[%emt 0:00:06]} 40. gxf5 {[%emt 0:00:25]} Kxf5 {[%emt 0:00:04]} 41. Kf2 {[%emt 0:30:39]} Kf4 {[%emt 0:30:20]} 42. h4 {[%emt 0:02:52]} h6 {[%emt 0:00:46]} 43. h5 {[%emt 0:00:15]} Rc3 {[%emt 0:00:38]} 44. Bf1 {[%emt 0:01:46]} Rc2 {[%emt 0:02:11]} 45. Rxc2 {[%emt 0:00:37]} Nxc2 {[%emt 0:00:03]} 46. Be2 {[%emt 0:00:45]} Nb4 {[%emt 0:00:08]} 47. Bf1 {[%emt 0:00:26]} Nd5 {[%emt 0:00:10]} 48. Be2 {[%emt 0:00:31]} Nf6 {[%emt 0:00:06]} 49. Bd1 {[%emt 0:00:15]} Kg5 {[%emt 0:00:09]} 50. Ke1 {[%emt 0:01:30]} 0-1

[Event "18th Charleroi Open-A 2019"]
[Site "Charleroi"]
[Date "2019.07.27"]
[Round "1.4"]
[White "Gutenev, Alexander"]
[Black "Barbier, Wim"]
[Result "1-0"]
[WhiteElo "2470"]
[BlackElo "2068"]
[Annotator "TA"]
[PlyCount "165"]
[EventDate "2019.07.22"]
[EventType "swiss"]
[EventCountry "BEL"]
[SourceTitle "playchess.com"]
[Source "ChessBase"]
[SourceQuality "1"]

{[%evp 16,165,33,6,9,19,31,5,15,12,32,12,29,22,41,26,32,7,22,15,120,118,118,-41,-47,-50,-44,-54,-35,-44,6,6,16,6,86,75,108,29,34,28,56,40,94,0,75,47,89,84,87,0,0,0,0,0,0,-4,-4,-4,0,0,0,0,0,-9,0,-3,0,0,0,-7,-1,-27,-13,-14,-8,-8,-8,-8,-7,-15,0,0,0,0,0,0,0,0,0,0,1,0,0,-8,0,0,0,0,8,8,19,0,224,203,191,-52,152,147,205,221,184,181,243,63,522,521,514,412,405,339,391,390,389,378,372,339,339,314,219,73,74,77,86,86,29965,29968,29969,29970,29969,29971,29970,29972,29970,29974,29975,29974,29978,29979,29982,29983,29983,29983]} 1. e4 c5 2. c3 Nf6 3. e5 Nd5 4. d4 cxd4 5. cxd4 d6 6. Nf3 Nc6 7. Bc4 Nb6 8. Bb3 d5 9. Nh4 e6 {B22: Sicilian: 2 c3} 10. Nf3 Be7 11. Nc3 {[%cal Bb1c3,Bc3e2,Be2f4][%mdl 32]} Bd7 {The position is equal.} 12. O-O O-O 13. Re1 (13. Bc2 f6 14. exf6 Bxf6 15. Qd3 g6 16. Bh6 Bg7 17. Bxg7 Kxg7 {1-0 (34) Pavasovic,D (2597)-Hracek,Z (2613) Kallithea 2008}) 13... f6 14. exf6 Bxf6 15. Ne2 Qe7 $146 ({Predecessor:} 15... Qe8 16. Nf4 {1-0 (25) Brustkern,J (2213)-Daverkausen,B (2216) Berlin 2013}) 16. Nf4 Qf7 17. h4 Nxd4 (17... Rac8 $11) 18. Nxd4 $16 e5 {[%mdl 64] Double Attack} 19. Nde2 $2 (19. Nxd5 $1 $16 Nxd5 20. Qf3) 19... exf4 $15 20. Nxf4 Bc6 21. h5 Nc4 22. Bc2 Ne5 ({Avoid the trap} 22... Bxb2 $2 23. Qd3 $1 $18 {[%mdl 512]}) 23. Be3 $36 {[%mdl 2048] White has some pressure.} Rae8 24. Bd4 g5 (24... Nf3+ $11 25. Qxf3 Bxd4) 25. hxg6 $1 $16 Nxg6 26. Nxg6 ({White should try} 26. Rxe8 $16 Rxe8 27. Nh5 Bxd4 28. Qxd4) 26... Rxe1+ 27. Qxe1 hxg6 28. Rd1 Kg7 (28... Re8 $14 29. Qd2 a6) 29. Qc3 (29. Bxa7 $16 Ra8 30. Bd4) 29... a6 (29... Bxd4 $1 $11 {keeps the balance.} 30. Qxd4+ {[%mdl 64] Double Attack} Qf6) 30. Re1 Bxd4 31. Qxd4+ Qf6 32. Qxf6+ (32. Re7+ $1 $16 Rf7 33. Re5) 32... Kxf6 {[%mdl 4096] Endgame KRB-KRB} 33. f3 g5 34. Kf2 Rh8 35. Re2 Bb5 36. Rd2 Bc6 37. Ke3 Ke5 38. Re2 Rh1 39. Bd3 Rd1 40. Bc2 Rh1 41. Kf2+ Kd6 42. Kg3 Rh4 43. Bf5 Rf4 44. Bc2 Bb5 45. Rd2 a5 46. Kf2 Rh4 47. g3 Rh2+ 48. Ke3 Rh3 49. Bf5 Rh8 50. f4 Rf8 51. g4 (51. Be4 {with more complications.} gxf4+ 52. gxf4 Bc6 53. Bc2 Rg8 54. Kd4) 51... gxf4+ 52. Kxf4 a4 53. Rg2 d4 54. Rh2 Kc5 55. Rc2+ Kd5 56. Rc8 Rf7 57. Rd8+ Kc5 58. Rc8+ Kb4 $2 (58... Kd5 $11) 59. Ke4 d3 {aiming for ...d2.} 60. Rd8 $2 ({White has to play} 60. a3+ $18 Ka5 61. Rd8) 60... a3 $2 (60... Re7+ $15 {stays ahead.} 61. Kf4 a3 62. bxa3+ Kc3 63. Rc8+ Bc4) 61. Rd4+ Ka5 (61... Kc5 $16 {might work better.} 62. b4+ Kb6) 62. bxa3 $18 Kb6 63. a4 Ba6 {[#]} (63... Re7+ {was called for.} 64. Kf4 Kc5) 64. Kd5 $2 (64. a3 $1 $18) 64... Rf8 $2 {[%mdl 8192]} (64... Rg7 $14) 65. Bxd3 Rd8+ 66. Ke4 Re8+ 67. Kf4 Kc5 68. Re4 Rf8+ 69. Ke3 Bxd3 70. Kxd3 {KR-KR} Rf3+ 71. Re3 Rf4 72. Rg3 (72. Re5+ $18 {and the rest is easy.} Kd6 73. Re4 Rf3+ 74. Re3) 72... Rxa4 $16 {( -> ...Ra3+)} 73. Rg2 Kd5 {[#]} 74. Kc3 $1 Kc5 $2 {[%mdl 8192]} (74... Ke6 $16) 75. g5 {White mates.} Ra3+ 76. Kb2 Ra8 77. g6 Rg8 78. g7 Kc6 79. Kc3 Kd7 80. Kd4 Ke6 81. Kc5 Kd7 82. Kb6 Kc8 83. Rg3 {Accuracy: White = 46%, Black = 33%.} 1-0

[Event "18th Charleroi Open-A 2019"]
[Site "Charleroi"]
[Date "2019.07.27"]
[Round "1.5"]
[White "Dugailliez, Guy"]
[Black "Lugovskoy, Maxim"]
[Result "1-0"]
[WhiteElo "2063"]
[BlackElo "2425"]
[Annotator "NA"]
[PlyCount "109"]
[EventDate "2019.07.22"]
[EventType "swiss"]
[EventCountry "BEL"]
[SourceTitle "playchess.com"]
[Source "ChessBase"]
[SourceQuality "1"]
[TimeControl "40/5400+30:1800+30"]

1. Nf3 {[%emt 0:00:00]} d5 {[%emt 0:00:00]} 2. g3 {[%emt 0:00:00]} Nf6 {[%emt 0:00:00]} 3. Bg2 {[%emt 0:00:00]} Bg4 {[%emt 0:00:14]} 4. O-O {[%emt 0:00:23]} c6 {[%emt 0:02:01]} 5. d3 {[%emt 0:00:22]} Nbd7 {[%emt 0:00:49]} 6. Nbd2 {[%emt 0:00:20]} e5 {[%emt 0:03:30]} 7. h3 {[%emt 0:00:53]} Bh5 {[%emt 0:02:39]} 8. Qe1 {[%emt 0:00:06]} Bc5 {[%emt 0:02:54]} 9. e4 {[%emt 0:01:42]} dxe4 {[%emt 0:03:44]} 10. dxe4 {[%emt 0:01:27]} O-O {[%emt 0:04:16]} 11. Nc4 {[%emt 0:02:32]} Qc7 {[%emt 0:07:46]} 12. b4 Bxf3 {[%emt 0:12:50]} 13. Bxf3 {[%emt 0:03:34]} Bd4 {[%emt 0:01:33]} 14. c3 {[%emt 0:02:07]} Bb6 {[%emt 0:00:06]} 15. a4 {[%emt 0:01:17]} a6 {[%emt 0:08:02]} 16. Nxb6 {[%emt 0:09:48]} Nxb6 {[%emt 0:01:30]} 17. a5 {[%emt 0:13:05]} Nbd7 {[%emt 0:03:21]} 18. Bg5 {[%emt 0:09:51]} Rfd8 {[%emt 0:07:05]} 19. Bd1 {[%emt 0:05:15]} h6 {[%emt 0:05:23]} 20. Bd2 {[%emt 0:03:17]} Nf8 {[%emt 0:12:57]} 21. Be3 {[%emt 0:30:01]} Qd7 {[%emt 0:00:33]} 22. Bb6 {[%emt 0:00:08]} Re8 {[%emt 0:01:26]} 23. Kg2 {[%emt 0:01:23]} Qd3 {[%emt 0:02:15]} 24. f3 {[%emt 0:06:52]} N6d7 {[%emt 0:03:39]} 25. Be2 {[%emt 0:02:23]} Qd6 {[%emt 0:00:29]} 26. Be3 {[%emt 0:01:10]} Qe6 {[%emt 0:02:32]} 27. Qd2 {[%emt 0:01:20]} Rad8 {[%emt 0:01:07]} 28. Rfd1 {[%emt 0:01:42]} Qf6 {[%emt 0:01:41]} 29. Qc2 {[%emt 0:00:21]} Ng6 {[%emt 0:01:25]} 30. h4 {[%emt 0:01:41]} Ndf8 {[%emt 0:01:54]} 31. h5 {[%emt 0:00:28]} Ne7 {[%emt 0:00:12]} 32. Rxd8 {[%emt 0:01:52]} Rxd8 {[%emt 0:00:05]} 33. Rd1 {[%emt 0:00:29]} Nc8 {[%emt 0:00:58]} 34. Rxd8 {[%emt 0:00:36]} Qxd8 {[%emt 0:00:02]} 35. f4 {[%emt 0:00:30]} exf4 {[%emt 0:01:42]} 36. gxf4 {[%emt 0:00:05]} Ne6 {[%emt 0:00:30]} 37. Bg4 {[%emt 0:00:37]} Qh4 {[%emt 0:03:27]} 38. Qd1 {[%emt 0:00:46]} Qf6 {[%emt 0:02:09]} 39. e5 {[%emt 0:00:34]} Nxf4+ {[%emt 0:01:51]} 40. Kf3 {[%emt 0:00:29]} Qxe5 {[%emt 0:00:36]} 41. Bxf4 {[%emt 0:30:06]} Qxc3+ {[%emt 0:30:17]} 42. Kg2 {[%emt 0:00:20]} Qf6 {[%emt 0:00:00]} 43. Qd7 {[%emt 0:00:00]} Ne7 {[%emt 0:00:00]} 44. Bd6 {[%emt 0:00:00]} Qb2+ {[%emt 0:00:00]} 45. Kh3 {[%emt 0:00:00]} Qc3+ {[%emt 0:00:00]} 46. Bg3 {[%emt 0:00:00]} Qxb4 {[%emt 0:00:00]} 47. Qe8+ {[%emt 0:00:00]} Kh7 {[%emt 0:00:00]} 48. Qxf7 {[%emt 0:00:00]} Qe4 {[%emt 0:00:00]} 49. Bf3 {[%emt 0:00:00]} Qe3 {[%emt 0:00:00]} 50. Bf2 {[%emt 0:00:00]} Qe5 {[%emt 0:00:00]} 51. Bd4 {[%emt 0:00:00]} Qf5+ {[%emt 0:01:11]} 52. Qxf5+ {[%emt 0:00:00]} Nxf5 {[%emt 0:00:01]} 53. Be4 {[%emt 0:00:00]} g6 {[%emt 0:00:19]} 54. hxg6+ {[%emt 0:07:08]} Kxg6 {[%emt 0:00:05]} 55. Kg4 {[%emt 0:00:00] Ne7} 1-0

[Event "18th Charleroi Open-A 2019"]
[Site "Charleroi"]
[Date "2019.07.27"]
[Round "1.6"]
[White "Maerevoet, Sim"]
[Black "Uhoda, Philippe"]
[Result "0-1"]
[WhiteElo "2321"]
[BlackElo "2062"]
[Annotator "NA"]
[PlyCount "72"]
[EventDate "2019.07.22"]
[EventType "swiss"]
[EventCountry "BEL"]
[SourceTitle "playchess.com"]
[Source "ChessBase"]
[SourceQuality "1"]
[TimeControl "40/5400+30:1800+30"]

1. e4 {[%emt 1:30:30]} e6 {[%emt 1:30:30]} 2. d4 {[%emt 0:00:30]} d5 {[%emt 0:00:30]} 3. Bd3 {[%emt 0:00:30]} Nc6 {[%emt 0:00:30]} 4. c3 {[%emt 0:00:30]} e5 {[%emt 0:00:30]} 5. exd5 {[%emt 0:00:30]} Qxd5 {[%emt 0:00:30]} 6. Qe2 {[%emt 0:00:30]} Qxg2 {[%emt 0:00:30]} 7. Be4 {[%emt 0:00:30]} Qg4 {[%emt 0:00:30]} 8. Bf3 {[%emt 0:00:30]} Qf5 {[%emt 0:00:30]} 9. d5 {[%emt 0:00:30]} Nd8 {[%emt 0:00:30]} 10. h3 {[%emt 0:00:30]} Nf6 {[%emt 0:00:30]} 11. Nd2 {[%emt 0:00:30]} Bd6 {[%emt 0:00:30]} 12. Ne4 {[%emt 0:00:30]} O-O {[%emt 0:00:30]} 13. c4 {[%emt 0:00:30]} b6 {[%emt 0:00:30]} 14. Bd2 {[%emt 0:00:30]} Nb7 {[%emt 0:00:30]} 15. h4 {[%emt 0:00:30]} Nc5 {[%emt 0:00:30]} 16. Ng3 {[%emt 0:00:30]} Qc2 {[%emt 0:00:30]} 17. Bc3 {[%emt 0:00:30]} Qxe2+ {[%emt 0:00:30]} 18. N1xe2 {[%emt 0:00:30]} Bg4 {[%emt 0:00:30]} 19. Bg2 {[%emt 0:00:30]} Na4 {[%emt 0:00:30]} 20. Bh3 {[%emt 0:00:30]} Bxh3 {[%emt 0:00:30]} 21. Rxh3 {[%emt 0:00:30]} b5 {[%emt 0:00:30]} 22. b3 {[%emt 0:00:30]} Nxc3 {[%emt 0:00:30]} 23. Nxc3 {[%emt 0:00:30]} bxc4 {[%emt 0:00:30]} 24. bxc4 {[%emt 0:00:30]} Bb4 {[%emt 0:00:30]} 25. Rc1 {[%emt 0:00:30]} c6 {[%emt 0:00:30]} 26. dxc6 {[%emt 0:00:30]} Rac8 {[%emt 0:00:30]} 27. Ke2 {[%emt 0:00:30]} Rxc6 {[%emt 0:00:30]} 28. Nd1 {[%emt 0:00:30]} Nd5 {[%emt 0:00:30]} 29. Kf3 {[%emt 0:00:30]} Nf4 {[%emt 0:00:30]} 30. Rh1 {[%emt 0:00:30]} Nd3 {[%emt 0:00:30]} 31. Rb1 {[%emt 0:00:30]} Rxc4 {[%emt 0:00:30]} 32. Ne3 {[%emt 0:00:30]} Rf4+ {[%emt 0:00:30]} 33. Ke2 {[%emt 0:00:30]} Nxf2 {[%emt 0:00:30]} 34. Rhf1 {[%emt 0:00:30]} Ne4 {[%emt 0:00:30]} 35. Rxf4 {[%emt 0:00:30]} Nxg3+ {[%emt 0:00:30]} 36. Kf3 {[%emt 0:00:30]} exf4 {[%emt 0:00:30]} 0-1

[Event "18th Charleroi Open-A 2019"]
[Site "Charleroi"]
[Date "2019.07.27"]
[Round "1.7"]
[White "Vanden Bussche, Steven"]
[Black "Capone, Nicola"]
[Result "1-0"]
[WhiteElo "2061"]
[BlackElo "2297"]
[Annotator "RC"]
[PlyCount "92"]
[EventDate "2019.07.22"]
[EventType "swiss"]
[EventCountry "BEL"]
[SourceTitle "playchess.com"]
[Source "ChessBase"]
[SourceQuality "1"]
[TimeControl "40/5400+30:1800+30"]

1. c4 {[%emt 0:00:00]} e6 {[%emt 0:00:00]} 2. e4 {[%emt 0:00:00]} c5 {[%emt 0:00:57]} 3. Nc3 {[%emt 0:00:05]} Nc6 {[%emt 0:00:39]} 4. d3 {[%emt 0:00:41]} d6 {[%emt 0:02:00]} 5. g3 {[%emt 0:00:34]} g6 {[%emt 0:03:39]} 6. Bg2 {[%emt 0:00:36]} Bg7 {[%emt 0:00:17]} 7. Nge2 {[%emt 0:00:10]} Nge7 {[%emt 0:01:05]} 8. Be3 {[%emt 0:00:48]} Nd4 {[%emt 0:11:57]} 9. O-O {[%emt 0:01:40]} O-O {[%emt 0:01:06]} 10. Qd2 {[%emt 0:00:19]} Rb8 {[%emt 0:05:50]} 11. Bh6 {[%emt 0:03:37]} a6 {[%emt 0:00:54]} 12. Bxg7 {[%emt 0:02:03]} Kxg7 {[%emt 0:00:16]} 13. b4 {[%emt 0:02:14]} b5 {[%emt 0:16:38]} 14. cxb5 {[%emt 0:07:48]} axb5 {[%emt 0:00:44]} 15. Rfc1 {[%emt 0:02:03]} Nec6 {[%emt 0:13:27]} 16. Nxd4 {[%emt 0:05:54]} Nxd4 {[%emt 0:00:56]} 17. Ne2 {[%emt 0:05:17]} Qf6 {[%emt 0:06:58]} 18. Rab1 {[%emt 0:09:46]} Nxe2+ {[%emt 0:08:45]} 19. Qxe2 {[%emt 0:00:22]} Qd4 {[%emt 0:03:34]} 20. bxc5 {[%emt 0:07:11]} dxc5 {[%emt 0:00:15]} 21. Qc2 {[%emt 0:00:21]} Ba6 {[%emt 0:09:55]} 22. Qxc5 {[%emt 0:02:58]} Qxd3 {[%emt 0:00:41]} 23. Qe5+ {[%emt 0:10:14]} Kg8 {[%emt 0:00:34]} 24. Rd1 {[%emt 0:00:56]} Qa3 {[%emt 0:01:25]} 25. h4 {[%emt 0:03:14]} b4 {[%emt 0:01:10]} 26. Qf6 {[%emt 0:06:06]} h5 {[%emt 0:03:44]} 27. g4 {[%emt 0:12:23]} Be2 {[%emt 0:01:44]} 28. Re1 {[%emt 0:02:30]} Bxg4 {[%emt 0:02:01]} 29. f3 {[%emt 0:00:25]} Qc3 {[%emt 0:01:00]} 30. Qxc3 {[%emt 0:04:39]} bxc3 {[%emt 0:00:03]} 31. fxg4 {[%emt 0:00:37]} hxg4 {[%emt 0:00:12]} 32. e5 {[%emt 0:01:29]} c2 {[%emt 0:01:42]} 33. Rbc1 {[%emt 0:03:50]} Rb2 {[%emt 0:02:22]} 34. a4 {[%emt 0:00:30]} Rc8 {[%emt 0:00:10]} 35. a5 {[%emt 0:00:29]} Ra2 {[%emt 0:02:13]} 36. a6 {[%emt 0:01:03]} Rc3 {[%emt 0:00:34]} 37. Bb7 {[%emt 0:00:16]} Rg3+ {[%emt 0:00:34]} 38. Kf2 {[%emt 0:05:52]} Rh3 {[%emt 0:00:17]} 39. Kg2 {[%emt 0:01:26]} Rxh4 {[%emt 0:00:35]} 40. Re4 {[%emt 0:01:38]} Kg7 {[%emt 0:00:49]} 41. Rc4 {[%emt 0:30:46]} Rh3 {[%emt 0:08:59]} 42. R1xc2 {[%emt 0:00:00]} Rxc2+ {[%emt 0:00:33]} 43. Rxc2 {[%emt 0:00:00]} Ra3 {[%emt 0:00:04]} 44. Rc7 {[%emt 0:00:00]} Kf8 {[%emt 0:13:21]} 45. Bc8 {[%emt 0:00:00]} Ke8 {[%emt 0:00:19]} 46. a7 {[%emt 0:00:00]} Kd8 {[%emt 0:00:29]} 1-0

[Event "18th Charleroi Open-A 2019"]
[Site "Charleroi"]
[Date "2019.07.27"]
[Round "1.8"]
[White "Klinova, Masha"]
[Black "Oupindrin, Narayanin"]
[Result "0-1"]
[WhiteElo "2269"]
[BlackElo "2056"]
[Annotator "NA"]
[PlyCount "70"]
[EventDate "2019.07.22"]
[EventType "swiss"]
[EventCountry "BEL"]
[SourceTitle "playchess.com"]
[Source "ChessBase"]
[SourceQuality "1"]
[TimeControl "40/5400+30:1800+30"]

1. d4 {[%emt 0:00:00]} d6 {[%emt 0:00:00]} 2. Nf3 {[%emt 0:00:00]} g6 {[%emt 0:00:00]} 3. g3 {[%emt 0:00:20]} Bg7 {[%emt 0:00:00]} 4. Bg2 {[%emt 0:00:05]} f5 {[%emt 0:00:00]} 5. O-O {[%emt 0:00:22]} Nf6 {[%emt 0:00:00]} 6. b3 {[%emt 0:01:20]} O-O {[%emt 0:00:27]} 7. Bb2 {[%emt 0:00:06]} Ne4 {[%emt 0:00:49]} 8. c4 {[%emt 0:02:14]} Nc6 {[%emt 0:00:39]} 9. Nc3 {[%emt 0:05:18]} Nxc3 {[%emt 0:01:51]} 10. Bxc3 {[%emt 0:00:02]} Qe8 {[%emt 0:00:07]} 11. Qc2 {[%emt 0:14:59]} e5 {[%emt 0:01:09]} 12. dxe5 {[%emt 0:01:50]} dxe5 {[%emt 0:00:09]} 13. Qb2 {[%emt 0:00:16]} Qe7 {[%emt 0:03:12]} 14. Rfd1 {[%emt 0:05:01]} Rf7 {[%emt 0:09:08]} 15. e3 {[%emt 0:15:56]} e4 {[%emt 0:02:11]} 16. Ne1 {[%emt 0:00:28]} h5 {[%emt 0:00:57]} 17. Rac1 {[%emt 0:12:30]} h4 {[%emt 0:00:58]} 18. c5 {[%emt 0:02:57]} a6 {[%emt 0:08:15]} 19. b4 {[%emt 0:04:01]} Be6 {[%emt 0:00:36]} 20. a4 {[%emt 0:06:52]} Bxc3 {[%emt 0:07:56]} 21. Qxc3 {[%emt 0:00:27]} a5 {[%emt 0:12:16]} 22. Nc2 {[%emt 0:11:58]} axb4 {[%emt 0:05:50]} 23. Nxb4 {[%emt 0:00:02]} Rxa4 {[%emt 0:00:12]} 24. Nd5 {[%emt 0:03:18]} Bxd5 {[%emt 0:03:29]} 25. Rxd5 {[%emt 0:00:02]} hxg3 {[%emt 0:01:31]} 26. hxg3 {[%emt 0:00:04]} Qf6 {[%emt 0:00:49]} 27. Qxf6 {[%emt 0:03:52]} Rxf6 {[%emt 0:00:05]} 28. Bf1 {[%emt 0:00:07]} Rb4 {[%emt 0:00:09]} 29. Bc4 {[%emt 0:03:17]} Kf8 {[%emt 0:00:24]} 30. Rd7 {[%emt 0:01:05]} Ne5 {[%emt 0:01:05]} 31. Rxc7 {[%emt 0:02:08]} Nxc4 {[%emt 0:02:22]} 32. Rd1 {[%emt 0:01:22]} Rf7 {[%emt 0:00:09]} 33. Rd8+ {[%emt 0:00:34]} Kg7 {[%emt 0:00:08]} 34. Rdd7 {[%emt 0:00:14]} Rxd7 {[%emt 0:00:08]} 35. Rxd7+ {[%emt 0:00:04]} Kf6 {[%emt 0:00:07]} 0-1